000 00329nam a22001217a 4500
041 _aENG
100 _aWallace.W
245 _aThe economics Of Sustainable Energy For Rural Development : A Study Of Renewable Energy In Rural China
260 _aNew Delhi
_bBIS
_c1998
300 _a10
650 _aBIS Code
856 _uBIS Code
999 _c2132
_d2132